| 000 | 00435nam a22001457a 4500 | ||
|---|---|---|---|
| 082 | _a346.54910436 MAH | ||
| 100 | _aMahmood, M. | ||
| 245 |
_aManual Of Pre-Emption Laws: _bAmendments and Case Law Up-to-date / _cM. Mahmood |
||
| 250 | _a6th Edition. | ||
| 260 |
_aLahore : _bAl-Qanoon Publishers, _cN.A. |
||
| 300 |
_a1100 p. ; _c24 cm. |
||
| 942 |
_2ddc _cBK |
||
| 999 |
_c586933 _d586933 |
||